000 01309nam a22002177a 4500
003 IT-MiCISF
005 20250917110923.0
008 250917b |||||||| |||| 00| 0 eng d
020 _a978883155742
040 _cIT-MiCISF
100 _aWells Jo B. (et al.)
_962609
245 _aDonne e ministeri nella Chiesa sinodale.
_bUn dialogo aperto
260 _aMilano,
_bPaoline,
_c2024
300 _app. 100
500 _adonna, chiesa, cambiamento, teologia, storia
520 _aIl volume è il frutto del secondo dei quattro incontri che il Consiglio di cardinali, per volere di papa Francesco, dedica tra la fine del 2023 e la primavera 2024 al ruolo delle donne nella Chiesa. Nella seduta del 5 febbraio 2024, a riflettere su donne, ministero ordinato e altri ministeri nella Chiesa sono intervenute tre teologhe: Linda Pocher FMA, la vescova anglicana Jo B. Wells e Giuliva Di Berardino. Ai loro contributi, che illustrano lo stato della questione e delineano alcune possibili prospettive future, si affiancano le considerazioni di due dei cardinali presenti all’incontro: Seán Patrick O’Malley e Jean-Claude Hollerich. Prefazione di papa Francesco.
650 _aDonna
654 _asaggio
700 _aDi Berardino G., Hollerich J.C., O'Malley S.P., Pocher L.
_962610
942 _2ddc
_cBK
999 _c360623
_d360623